Kỷ yếu công trình khoa học 1975-1993 Scientifc research papers

Nội dung chính của tài liệu là những đề tài được báo cáo tại Hội nghị Khoa học Kỹ thuật hàng năm của Viện Răng Hàm Mặt Thành phố Hồ Chí Minh.

Enregistré dans:
Détails bibliographiques
Auteur principal: Lâm Ngọc Ấn (Chủ biên)
Autres auteurs: Nguyễn Văn Thụ (Chủ biên), Lê Đình Giáp (Chủ biên)
Format: Livre
Langue:Vietnamese
Publié: TP. Hồ Chí Minh Viện Răng Hàm Mặt Tp. Hồ Chí Minh [200_?]
Sujets:
Tags: Ajouter un tag
Pas de tags, Soyez le premier à ajouter un tag!
Thư viện lưu trữ: Thư viện Trường Đại học Nam Cần Thơ
LEADER 01152nam a22002057a 4500
001 NCT_4_005389
008 240304b xxu||||| |||| 00| 0 vie d
999 |c 8155  |d 8155 
082 0 4 |2 23rd ed.  |a 617.6  |b Â121 
100 1 |a Lâm Ngọc Ấn  |e Chủ biên 
245 1 0 |a Kỷ yếu công trình khoa học 1975-1993  |b Scientifc research papers  |c Lâm Ngọc Ấn, Nguyễn Văn Thụ, Lê Đình Giáp (Chủ biên) 
260 |a TP. Hồ Chí Minh  |b Viện Răng Hàm Mặt Tp. Hồ Chí Minh  |c [200_?] 
300 |a 273tr.  |c 29 cm 
520 3 |a Nội dung chính của tài liệu là những đề tài được báo cáo tại Hội nghị Khoa học Kỹ thuật hàng năm của Viện Răng Hàm Mặt Thành phố Hồ Chí Minh. 
653 |a Răng Hàm Mặt 
700 1 |a Nguyễn Văn Thụ  |e Chủ biên 
700 1 |a Lê Đình Giáp  |e Chủ biên 
942 |2 ddc  |c BK 
952 |0 0  |1 0  |2 ddc  |4 0  |6 617_600000000000000_Â121  |7 0  |9 28703  |a 000001  |b 000001  |d 2024-03-04  |o 617.6 Â121  |p MD.22305  |r 2024-03-04  |w 2024-03-04  |y BK 
980 |a Thư viện Trường Đại học Nam Cần Thơ